| 000 | 00599nam a2200181 i 4500 | ||
|---|---|---|---|
| 001 | 130435 | ||
| 003 | ES-MaACL | ||
| 007 | t| | ||
| 008 | 070727s1980 sp ||||1| spa d | ||
| 100 | 1 |
_aZanoni, Giuseppe. _9117982 |
|
| 245 | 1 | 3 |
_aLa paloma _b: cría y explotación / _cGiuseppe Zanoni ; versión de G. Díaz Rodríguez-Ponga. |
| 260 |
_aMadrid : _bMundi-Prensa, _c1980. |
||
| 300 |
_a244 p. ; _c22 cm. |
||
| 500 | _aTraducción de: Colombicoltura da reddito. | ||
| 650 | 1 | 4 |
_aColombicultura. _911148 |
| 700 | 1 |
_aDíaz Rodríguez-Ponga, Gonzalo. _944413 |
|
| 852 |
_aES-MaACL _jL-943 _bR.101923 |
||
| 999 |
_c130435 _d130435 |
||